| 000 | 00603nam a2200169Ia 4500 | ||
|---|---|---|---|
| 003 | GCL | ||
| 008 | 140319s9999 xx 000 0 eng d | ||
| 040 |
_aGCL / _cGCL |
||
| 082 | 0 | 4 |
_a892.7 _bV |
| 100 | 1 | _aRIZZITANO, UMBERTO | |
| 245 | 1 | 0 |
_aUN COMPENDIO DELL , ANTOLOGIA DI POETI ARABO - SICILIANI : INTITOLATA AD - DURRAH AL - HATIRAH MIN SU ARA' AL - GAZIRAH الدرة الخطيرة من شعراء الجزيرة / _cRIZZITANO, UMBERTO |
| 260 |
_a[S.N] : _bACCADEMIA NAZIONALE DEI LINCEI ، _c1958 |
||
| 300 | _a336 - 378 | ||
| 650 | 0 | 4 | _aLITERATURE |
| 650 | 0 | 4 | _aARABIC POETRY |
| 942 |
_2ddc _cBK |
||
| 999 |
_c12419 _d12419 |
||